000 00374 a2200169 4500
001 192099
020 _a978-85-67848-07-5
040 _cMagnum
100 _aNascimento, Orete
240 1 0 _aO olhar oblíquo do medo
_lpor
245 1 0 _aO olhar oblíquo do medo
300 _a176
362 0 _a2014
440 1 _aZap Book
697 _aLITERATURA JUVENIL
942 _cBK
999 _c192099
_d192099